| 000 | 00392nam a2200145Ia 4500 | ||
|---|---|---|---|
| 008 | 230312s9999||||xx |||||||||||||| ||und|| | ||
| 020 | _a812591070 | ||
| 082 |
_a621.31042 _bKUM- |
||
| 100 | _aKumar,, K. Murugesh | ||
| 245 | 0 | _aElectric machines | |
| 260 |
_bVikas Pub _aNew Delhi _c2006 |
||
| 546 | _aEng. | ||
| 650 |
_aEngineering _vDC Machines, Transformers, Induction machines |
||
| 942 | _cBK | ||
| 999 |
_c1518 _d1518 |
||